Změny v dopravě v souvislosti se změnou státoprávního uspořádání.

Požiadavky pre dopravnú politiku ČR v deväťdesiatich rokoch. Legislatívne úpravy, ktorými sa určili opatrenia v sústave ústredných orgánov štátnej správy ČR a zriadilo sa ministerstvo dopravy. Nová konkrétna pôsobnosť a organizačná štruktúra ministerstva dopravy ČR. Vytvorenie českých dráh a Železní...

Ausführliche Beschreibung

Gespeichert in:
Bibliographische Detailangaben
1. Verfasser: Zatloukal, J.
Format: Buchkapitel
Sprache:Tschechisch
Schlagworte:
Tags: Tag hinzufügen
Keine Tags, Fügen Sie das erste Tag hinzu!

MARC

LEADER 00000naa a2200000 4500
001 r012448
005 20220826093251.0
041 0 |a cze 
044 |a CZ 
245 1 0 |a Změny v dopravě v souvislosti se změnou státoprávního uspořádání.  |c J. Zatloukal 
520 |a Požiadavky pre dopravnú politiku ČR v deväťdesiatich rokoch. Legislatívne úpravy, ktorými sa určili opatrenia v sústave ústredných orgánov štátnej správy ČR a zriadilo sa ministerstvo dopravy. Nová konkrétna pôsobnosť a organizačná štruktúra ministerstva dopravy ČR. Vytvorenie českých dráh a Železníc Slovenskej republiky. Dohoda medzi ČR a SR o spolupráci v doprave. 
610 2 0 |a doprava 
610 2 0 |a Čechy 
610 2 0 |a orgány štátne 
610 2 0 |a ministerstvá 
610 2 0 |a politika dopravná 
610 2 0 |a 1993 
610 2 0 |a Slovensko 
610 2 0 |a zmluvy medzinárodné 
100 1 |a Zatloukal, J.